000 01134nam a2200265Ia 4500
003 OSt
005 20221005111449.0
006 a|||||r|||| 00| 0
007 ta
008 221004b |||||||| |||| 00| 0 hin d
020 _a8170554551 (hbk)
_c300
024 _a94079
037 _b572, 23/03/2009, Vani Prakashan
_cTextual
040 _aCRL
_cCRL
_bhin
041 _2hin
_ahin
082 _aNR44y7J06, 152N6
100 _aरायचौधुरी, वीरेन्द्र किशोर
245 0 _aहिन्दुस्थानी संगीत में तानसेन का स्थान
246 _aHindusthānī sangīt mean tānasen kā sthāna
260 _aनई दिल्ली
_bवाणी प्रकाशन भारत
_c1996
300 _a129पृ0
_ccm.
700 _a व्यास, मदन लाल, अनु.
942 _hNR44y7J06, 152N6
_cTEXL
_2cc
999 _c1021910
_d1021910